LEADER 04036nam0 22007213i 450 001 BVEE054373 005 20170908093227.0 012 $ao-ru m?*, *.** **** (3) 1606 (R)$2fei$9Nesso e caratteri greci 100 $a20121205d1606 ||||0itac50 ba 101 | $agre$alat 102 $ach 181 1$6z01$ai $bxxxe 182 1$6z01$an 200 1 $a˜Homeri œQuae exstant omnia Ilias, Odyssea, Batrachomyomachia, Hymni, poematia aliquot cum Latina versione omnium ... perpetuis item iustisque in Iliada simul & Odysseam Io. Spondani Mauleonensis commentariis: Pindari quinetiam Thebani Epitome Iliados Latinis versib. & Daretis Phrygij De bello Troiano libri, a Corn. Nepote eleganter latino versi carmine. ... Indices textus Homeri ... 205 $aEditio vltima superiore limatior 210 $aBasileae$cper Sebastianum Henricpetri$eBasileae$gper Sebastianum Henricpetri$h1606 215 $a\44!, 427 p., col. 428-499, \29!, 380, \24! p.$dfol 300 $aMarche non controllate (Martello che colpisce roccia) sul front. e in fine 300 $aSegn.: α-γ⁶ δ⁴ a-z⁶ A-P⁶ Q⁴ R⁶ S⁸ 2A-2Z⁶, ²2A-2H⁶ 2I⁴ 2K-2L⁶. 316 $a1 v.; mancano i fascicoli α-γ⁶ δ⁴ e c. 2L6$5IT-NA0074, SM 6F 00085 316 $a1 v. - Timbro della Real biblioteca di Napoli sul frontespizio.$5IT-NA0079, SALA FARN.39. G 6 500 10$aBatrachomyomachia.$3BVEE004344$9CFIV018814$920798 500 10$aHymni Homerici$3BVEE004348$9CFIV018814$920800 500 10$aIlias$3CFI0032303$9CFIV018814$913222 500 10$xGRC$aOdysseia$3TO0E003859$9CFIV018814$916508 620 $dBasilea$3BVEL000292 700 0$aHomerus$3CFIV018814$4070$0155559 702 1$aSponde$b, Jean : de$f <1557-1595>$3BVEV031038 702 0$aCornelius Nepos$3CFIV011643 702 0$aPindarus$3CFIV071419 702 0$aDares : Phrygius$3MILV098491 712 02$aHenricpetri, Sebastian$3BVEV018626$4650 790 1$aNepos$b, Cornelius$3BVEV091660$zCornelius Nepos 790 0$aCornelio Nepote$3CFIV011645$zCornelius Nepos 790 0$aCornelio Nipote$3CFIV226368$zCornelius Nepos 790 1$aNepote$b, Cornelio$3RCAV069758$zCornelius Nepos 790 0$aAemylius Probus$3RMLV031585$zCornelius Nepos 790 0$aHomer$3AQ1V000332$zHomerus 790 0$aOmero$f $3CFIV023921$zHomerus 790 0$aGomer$3CFIV190232$zHomerus 790 0$aOmçros$3CFIV200481$zHomerus 790 0$aHomirus$3IEIV076086$zHomerus 790 0$aHomēros$3SBNV037875$zHomerus 790 0$aHomère$3UFIV121655$zHomerus 790 0$aPindaro$3CFIV082085$zPindarus 790 0$aPyndarus$3PUVV321646$zPindarus 790 0$aDares Phrygius$3CFIV202977$zDares : Phrygius 790 0$aDarete Frigio$3CFIV202978$zDares : Phrygius 790 0$aDarete : Frigio$3RMGV011639$zDares : Phrygius 791 02$aOfficina Henricpetrina$3BVEV021836$zHenricpetri, Sebastian 791 02$aHenricpetri, Sebastianus$3CFIV217456$zHenricpetri, Sebastian 801 3$aIT$bIT-NA0079$c20121205 850 $aIT-NA0074$aIT-NA0079 912 $aBVEE054373 921 $aSBNM000001$bMarca non controllata$cS2 950 0$aBiblioteca Provinciale Laurenziana$b1 esemplare (mutilo dei fascicoli α-γ⁶ δ⁴ e c. 2L6$c1 v.$d 91SM 6F 00085$e 91ANT0000019335 M 1 v.; mancano i fascicoli α-γ⁶ δ⁴ e c. 2L6$fZ $h20150323$i20150323$lmancano i fascicoli α-γ⁶ δ⁴ e c. 2L6$mImperfezioni 950 0$aBiblioteca Nazionale Vittorio Emanuele III$c1 v.$d BNSALA FARN.39. G 6$e BNA010014649515 H 1 v. - Timbro della Real biblioteca di Napoli sul frontespizio.$fC $h20121205$i20121205$lTimbro della Real biblioteca di Napoli sul frontespizio$mTimbri storici della biblioteca proprietaria 977 $a 91$a BN 996 $aOdysseia$916508 996 $aIlias$913222 996 $aHymni homerici$920800 996 $aBatrachomyomachia$920798 997 $aUNISANNIO